000 00636nam a2200253 a 4500
003 AR-BaBNM
005 20251128203305.0
008 082120s2002 ||||||||||||||000 | spa||
020 _a84-348-0924-9
040 _cAR-BaBNM
100 1 _aPuncel, María
245 0 0 _aAbuelita Opalina
250 _a9ª ed.
260 _aMadrid
_bEdiciones S.M.
_c1987
300 _a86 p.
_bil.
490 0 _aEl barco de vapor
_vv. 21
500 _aRecomendado a partir de 7 años
650 4 _aLITERATURA INFANTIL
650 4 _aLIBROS PARA NIÑOS
650 4 _aCUENTOS DE AVENTURAS
655 _aLITERATURA
942 _cBK
998 _claura
999 _c2741
_d2741